| 000 | 00658cam a2200157 4500 | ||
|---|---|---|---|
| 001 | L130321 | ||
| 008 | 000000n2005 000 0 eng u | ||
| 035 | _a(Sirsi) u130231 | ||
| 050 |
_a711.52 _c18 |
||
| 110 |
_aEnglish Heritage _92714 |
||
| 245 |
_aMaking the past part of our future _bEnglish Heritage strategy 2005-2010 |
||
| 260 |
_aSwindon _bEnglish Heritage _c2005 |
||
| 690 | _aBUILT ENVIRONMENT-BUILDING TYPES-HISTORIC BUILDINGS AND ANCIENT MONUMENTS | ||
| 856 |
_uhttps://www.english-heritage.org.uk/publications/eh-strategy-2005-2010/making-past-part-of-our-future.pdf _zView the item free of charge at www.english-heritage.org.uk... |
||
| 942 | _n0 | ||
| 999 |
_c104404 _d104404 |
||